banner-ar

تاثيرات قرطاجة على سكان المغرب القديم منذ تاسيسها حتى نهاية العصور القديمة : (Record no. 62529)

MARC details
000 -الفاتح
حقل البيانات ثابتة الطول 00928nam a22002177a 4500
005 - وقت وتاريخ اخر تعامل مع التسجيلة
رقم الضبط 20240530110554.0
008 - عناصر البيانات ثابتة الطول - معلومات عامة
حقل البيانات ثابتة الطول 160808s2013 ly f b 000 0 ara d
017 ## - رقم الايداع القانونى
رقم الايداع القانونى 2012/31
المصدر ( الهيئة المختصة) ليبيا . دار الكتب الوطنية
020 ## - الرقم الدولى المعيارى للكتب
الرقم الدولى المعيارى للكتاب 97899956631220
040 ## - مصدر الفهرسة
وكالة الفهرسة الأصلية EG-CaGPL
082 04 - رقم تصنيف ديوى العشرى
رقم الطبعة 21
رقم التصنيف 939.73\
رقم المادة إ ت
100 0# - المدخل الرئيسى - إسم شخصى
الإسم الشخصى الهام الهادى الوحيشى
245 02 - بيان العنوان
العنوان تاثيرات قرطاجة على سكان المغرب القديم منذ تاسيسها حتى نهاية العصور القديمة :
بقية العنوان ( 814 ق . م - 642 م ) /
بيان المسئوليه,etc اعداد الهام الهادى الوحيشى
250 ## - بيان الطبعة
بيان الطبعة ط. 1
260 ## - PUBLICATION, DISTRIBUTION, ETC. (IMPRINT)
تاريخ النشر أو التوزيع 2013 .
300 ## - الوصف المادى
التعداد 135 ص. ؛
أبعاد الوعاء 24 سم .
504 ## - تبصرة ببليوجرافية
تبصرة ببليوجرافية,الخ شتمل على ارجاعات ببليوجرافية<br/>
651 04 - المدخل الاضافى بالموضوع - اسم جغرافى
الاسم الجغرافي قرطاجة
التقسيم الفرعي العام تاريخ
651 04 - المدخل الاضافى بالموضوع - اسم جغرافى
الاسم الجغرافي تونس القديمة
التقسيم الفرعي العام تاريخ
-- الفينيقيون
942 ## - عناصر المدخل الإضافي( كوها)
مصدر التصنيف او مخطط الترفيف Dewey Decimal Classification
Koha [default] item type كتاب
260 ## - PUBLICATION, DISTRIBUTION, ETC. (IMPRINT)
-- بنغازى :
-- جامعة الزاوية ،
Holdings
حالة التراجع حالة الفقد حالة تلف ليس للاعارة المكان المؤقت الموقع الحالى تاريخ الاكتساب اجمالي اﻻعارات رقم الطلب الباركود تاريخ اخر مشاهدة تاريخ تفعيل السعر نوع وعاء كوها
        مكتبة القاهرة الكبرى مكتبة القاهرة الكبرى 08/08/2016   939.73\ إ ت 162291 08/08/2016 08/08/2016 كتاب

Powered By

EGPV